| 000 | 01771nam0a2200313 4500 | ||
|---|---|---|---|
| 001 | RU\NLR\bibl\393042 | ||
| 005 | 20260407083922.0 | ||
| 010 |
_a5-209-01452-5 _9200 |
||
| 021 |
_aRU _b2003-17102 _9787 |
||
| 035 | _a(NLR Aleph) 000387320 | ||
| 090 |
_a493462 _c493462 |
||
| 100 | _a20030422d2003 |||y0rusy50 ca | ||
| 101 | 0 | _arus | |
| 102 | _aRU | ||
| 105 | _aa ||||||||| | ||
| 200 | 1 |
_aТеория и практика инженерных исследований _eМатериалы науч. конф. аспирантов, преподавателей и молодых ученых, [XXXVII и XXXVIII-й], 22-25 апр. 2002 г. _fМ-во образования Рос. Федерации, Рос. ун-т дружбы народов. Инж. фак. _g[Отв. ред. проф. Б.И. Дидух] |
|
| 210 |
_aМ. _cИзд-во РУДН _d2003 |
||
| 215 |
_a288 с. _cил. _d20 |
||
| 320 | _aБиблиогр. в конце докл. | ||
| 606 | 0 |
_aПредприятия _jСъезды, совещания и т.п. _xУправление _92085264 _3RU\NLR\auth\661261378 |
|
| 686 | _aУ21(2)91я431 | ||
| 702 | 1 |
_aДидух _bБ. И. _4340 |
|
| 711 | 0 | 2 |
_aРоссийский университет дружбы народов _bНаучная конференция аспирантов, преподавателей и молодых ученых _d37 _f2001 _3RU\NLR\AUTH\8810044867 _9589161 |
| 711 | 0 | 2 |
_aРоссийский университет дружбы народов _bНаучная конференция аспирантов, преподавателей и молодых ученых _d38 _f2002 _3RU\NLR\AUTH\8810044868 _9589163 |
| 801 | 0 |
_aRU _bNLR _c20030422 _gPSBO |
|
| 801 | 1 |
_aRU _bNLR _c20030422 |
|
| 942 | _cBOOK | ||
| 980 | _aNB | ||